LEADER 03241nam a2200757 i 4500
001 nkc20213346880
003 CZ PrNK
005 20240814100152.0
007 ta
008 210812s2019 xr ac e 000 1dcze
015 |a cnb003346880 
020 |a 978-80-11-00229-9  |q (brožováno) 
035 |a (OCoLC)1329408365 
040 |a BOA001  |b cze  |e rda 
041 1 |a cze  |h epo 
043 |a s-bl--- 
045 |a x5y1 
072 7 |a 364-1/-7  |x Druhy sociální pomoci a služeb  |2 Konspekt  |9 18 
080 |a 364-54-053.2  |2 MRF 
080 |a 373.3  |2 MRF 
080 |a 631.115.1  |2 MRF 
080 |a 316.346.32-053.2-022.214  |2 MRF 
080 |a 364.6-053.2  |2 MRF 
080 |a 364-32  |2 MRF 
080 |a 37.01  |2 MRF 
080 |a (81)  |2 MRF 
080 |a (047.53)  |2 MRF 
100 1 |a Dobrzyński, Roman,  |d 1937-2025  |7 mzk2005294853  |4 aut 
240 1 0 |a Bona Espero - idealo kaj realo.  |l Česky 
245 1 0 |a Bona Espero - vize a realita =  |b Bona Espero - idealo kaj realo /  |c Roman Dobrzynski ; překlad Jindřiška Drahotová 
246 3 1 |a Bona Espero - idealo kaj realo 
246 1 4 |a Bona Espero - vize a skutečnost 
264 1 |a [Česko] :  |b [Jindřiška Drahotová],  |c [2019] 
300 |a 375 stran :  |b barevné ilustrace, portréty ;  |c 21 cm 
336 |a text  |b txt  |2 rdacontent 
337 |a bez média  |b n  |2 rdamedia 
338 |a svazek  |b nc  |2 rdacarrier 
500 |a Přeloženo z esperanta 
500 |a Podnázev na rubu titulní stránky: vize a realita brazilského dětského domova 
610 2 7 |a Bona Espero (škola : Alto Paraíso de Goiás, Brazílie)  |7 mzk20221148373  |2 czenas 
648 7 |a 20.-21. století  |7 ch462155  |2 czenas 
650 0 7 |a dětské domovy  |7 ph119726  |z Brazílie  |y 20.-21. století  |2 czenas 
650 0 7 |a základní školy  |7 ph116795  |z Brazílie  |y 20.-21. století  |2 czenas 
650 0 7 |a farmy  |7 ph290670  |z Brazílie  |y 20.-21. století  |2 czenas 
650 0 7 |a opuštěné děti  |7 ph123775  |z Brazílie  |2 czenas 
650 0 7 |a ohrožené děti  |7 ph947210  |z Brazílie  |2 czenas 
650 0 7 |a charitativní činnost  |7 ph135878  |z Brazílie  |y 20.-21. století  |2 czenas 
650 0 7 |a výchova a vzdělávání  |7 ph127419  |z Brazílie  |y 20.-21. století  |2 czenas 
650 0 9 |a children's homes  |z Brasil  |y 20th-21st centuries  |2 eczenas 
650 0 9 |a elementary schools  |z Brasil  |y 20th-21st centuries  |2 eczenas 
650 0 9 |a farms  |z Brasil  |y 20th-21st centuries  |2 eczenas 
650 0 9 |a derelict children  |z Brasil  |2 eczenas 
650 0 9 |a vulnerable children  |z Brasil  |2 eczenas 
650 0 9 |a charities  |z Brasil  |y 20th-21st centuries  |2 eczenas 
650 0 9 |a education  |z Brasil  |y 20th-21st centuries  |2 eczenas 
651 7 |a Alto Paraíso de Goiás (Brazílie)  |7 ge1148372  |2 czenas 
651 9 |a Alto Paraíso de Goiás (Brasil)  |2 eczenas 
655 7 |a rozhovory  |7 fd133303  |2 czenas 
655 9 |a interviews  |2 eczenas 
700 1 |a Drahotová, Jindřiška,  |d 1938-  |7 jo2009532236  |4 trl 
910 2 |a BOA001  |b 2-1483.405  |b ESP2-1526.806 
990 |a BK 
995 |a 01 
991 |b 202204  |c NOV 
996 6 |b 2610897353  |c 2-1483.405  |l MZK  |r Sklad / do 1 hodiny  |n 0  |p p.v.  |w 001881265  |u 000010  |a 1  |e BOA001  |j MZK50  |s P 
996 6 |b 2610972973  |c ESP2-1526.806  |l Stud. periodik/2.patro  |r DEP / do 15 dnů  |n 0  |p dar  |h H309/1  |w 001881265  |u 000020  |a 240  |e BOA001  |j MZK50  |s P